000 00273nam a22001097a 4500
008 170119b xxu||||| |||| 00| 0 eng d
020 _a9781451112481
041 _aeng
080 _24TH
_a618.2
245 _aPHOTO ATLAS OF MEDICATION ADMINISTRATION
_cLYNN, P
942 _2udc
_cBK
999 _c3154
_d3154